000 00576nam a2200229Ia 4500
003 OSt
005 20221005124425.0
006 a|||||r|||| 00| 0
007 ta
008 221004b |||||||| |||| 00| 0 eng d
024 _a55659
037 _cTextual
040 _aCRL
_cCRL
_beng
041 _2eng
_aeng
082 _aV2:1wK95, H7
100 _aMurtaza Ali Khan
_9635201
245 0 _aMunir-ud-Dowlahm, his life and times
260 _c1947
650 _aHISTORY
942 _hV2:1wK95, H7
_cTEXL
_2cc
999 _c1050426
_d1050426